| 000 | 01612nam0a22003371 4500 | ||
|---|---|---|---|
| 001 | RU\INFOCOMM_322\NLR\5000081959 | ||
| 005 | 20250613102643.0 | ||
| 035 | _a(NLR Aleph) 009449420 | ||
| 090 |
_a8396200 _c8396200 |
||
| 100 | _a20121130d1976 |||y0rusy50 ca | ||
| 101 | 0 |
_aeng _drus |
|
| 102 | _aRU | ||
| 105 | _ay z ||||| | ||
| 200 | 1 |
_aAn investigation of the effect of the converter cooling upon the yield of ultracold neutrons and development of a cooled source of ultracold neutrons _fI. S. Altarev, A. I. Egorov, V. F. Ezhov [и др.] |
|
| 210 |
_aL. _d1976 |
||
| 215 |
_a17 с. _cил. _d20 см |
||
| 225 | 1 |
_a[Preprint] _fAcad. of sciences of the USSR. Leningrad nuclear physics inst. _v246 |
|
| 300 | _aРез. на рус. яз. | ||
| 300 | _aНа обороте тит. л.: И. С. Алтарев [и др.]. Исследования влияния охлаждения конвертора на выход ультрахолодных нейтронов и создание охлаждаемого источника ультрахолодных нейтронов | ||
| 300 | _aНа обл. надзаг. на рус. яз. | ||
| 300 | _a"Направлено в журн. "Ядерная физика" | ||
| 320 | _aБиблиогр.: с. 17 | ||
| 606 |
_aНейтроны холодные _jИсточники _91345728 _3RU\NLR\AUTH\66561502 |
||
| 620 | _aСанкт-Петербург | ||
| 686 |
_aВ381.25 _2rubbk |
||
| 701 | 1 |
_aAltarev _bI. S. |
|
| 801 | 1 |
_aRU _bNLR _c20121130 |
|
| 801 | 0 |
_aRU _bINFOCOMM _gPSBO |
|
| 852 |
_aNLR _jФз01 Д-4/764 |
||
| 942 | _cBOOK | ||
| 980 | _aNB | ||